Państwa Australii i Oceanii nie zakończone na -a. - Statystyki

Ogólne statystyki
  • Ten quiz został rozwiązany 39 razy
  • Średni wynik to 6 z 6
Statystyki odpowiedzi
Pierwsza litera Państwo % Poprawnych
V Vanuatu
97%
F Fidżi
95%
N Nauru
95%
P Palau
95%
T Tuvalu
95%
K Kiribati
92%
Nie znaleziono quizów pasujących do podanych kryteriów
Rozkład punktacji
Procent ludzi z każdym wynikiem
Percentyl według liczby udzielonych odpowiedzi
Twoja historia wyników
Nie rozwiązałeś tego quizu